000
00467nam a2200169Ia 4500
008
090711s9999 xx 000 0 und d
082
_b
21175
100
_a
कुलकर्णी दत्ता जी.
245
_a
आठव
260
_c
1968
300
_a
127
600
_a
कुलकर्णी दत्ता जी.
630
_a
आठव
700
_a
कुलकर्णी दत्ता जी.
730
_a
आठव
942
_c
BOOK
999
_c
297486
_d
297486